banner-ar

رؤى جديدة فى تاريخ مصر القديمة منذ اقدم العصور حتى نهاية عصر الاسرات الوطنية : (Record no. 59773)

MARC details
000 -الفاتح
حقل البيانات ثابتة الطول 01209nam a22002297a 4500
005 - وقت وتاريخ اخر تعامل مع التسجيلة
رقم الضبط 20240530110335.0
008 - عناصر البيانات ثابتة الطول - معلومات عامة
حقل البيانات ثابتة الطول 140906s2008 ua gr 000 0 ara d
017 ## - رقم الايداع القانونى
رقم الايداع القانونى 2904/2008
المصدر ( الهيئة المختصة) القاهرة : دار الكتب المصرية
020 ## - الرقم الدولى المعيارى للكتب
الرقم الدولى المعيارى للكتاب 9774376013
040 ## - مصدر الفهرسة
وكالة الفهرسة الأصلية EG-CaGPL
082 04 - رقم تصنيف ديوى العشرى
رقم الطبعة 21
رقم التصنيف 932
رقم المادة ق/ر ر
100 00 - المدخل الرئيسى - إسم شخصى
الإسم الشخصى رمضان عبده على
245 10 - بيان العنوان
العنوان رؤى جديدة فى تاريخ مصر القديمة منذ اقدم العصور حتى نهاية عصر الاسرات الوطنية :
بقية العنوان ج 4 من الاسرة التاسعة عشرة حتى دخول الاسكندر الاكبر مصر عام 332 قبل الميلاد م
بيان المسئوليه,etc تاليف رمضان عبده على ؛ تقديم زاهى حواس
260 ## - PUBLICATION, DISTRIBUTION, ETC. (IMPRINT)
تاريخ النشر أو التوزيع 2008
300 ## - الوصف المادى
التعداد 441 ص ؛
أبعاد الوعاء 24 سم
490 ## - بيان السلسلة
عنوان السلسلة نحو وعى حضارى معاصر
490 ## - بيان السلسلة
عنوان السلسلة سلسلة الثقافة الاثرية والتاريخية : مشروع المئة كتاب
رقم المجلد/ التعيين التسلسلي 55
651 07 - المدخل الاضافى بالموضوع - اسم جغرافى
الاسم الجغرافي مصر القديمة
التقسيم الفرعي العام تاريخ
651 07 - المدخل الاضافى بالموضوع - اسم جغرافى
الاسم الجغرافي مصر القديمة
التقسيم الفرعي العام تاريخ
التقسيم الفرعي الزمني عصر الاسرة التاسعة عشرة
700 00 - المدخل الاضافى - اسم شخصى
الإسم الشخصى زاهر حواس
الدور مقدم
942 ## - عناصر المدخل الإضافي( كوها)
مصدر التصنيف او مخطط الترفيف Dewey Decimal Classification
Koha [default] item type كتاب
260 ## - PUBLICATION, DISTRIBUTION, ETC. (IMPRINT)
-- القاهرة :
-- المجلس الاعلى للاثار ،
Holdings
حالة التراجع حالة الفقد حالة تلف ليس للاعارة المكان المؤقت الموقع الحالى تاريخ الاكتساب اجمالي اﻻعارات رقم الطلب الباركود تاريخ اخر مشاهدة تاريخ تفعيل السعر نوع وعاء كوها
        مكتبة القاهرة الكبرى مكتبة القاهرة الكبرى 09/06/2014   932 ق/ر ر 158693 09/06/2014 09/06/2014 كتاب

Powered By

EGPV